Historia general de las civilizaciones / (Record no. 50292)
[ view plain ]
| 000 -LEADER | |
|---|---|
| campo de control de longitud fija | 02295nam a2200349 i 4500 |
| 001 - NÚMERO DE CONTROL | |
| campo de control | 50292 |
| 003 - IDENTIFICADOR DE NÚMERO DE CONTROL | |
| campo de control | ES-MaACL |
| 005 - FECHA Y HORA DE LA ÚLTIMA TRANSACCIÓN | |
| campo de control | 20251003152902.0 |
| 007 - CAMPO FIJO DE DESCRIPCIÓN FÍSICA--INFORMACIÓN GENERAL | |
| campo de control de longitud fija | t| |
| 008 - DATOS DE LONGITUD FIJA--INFORMACIÓN GENERAL | |
| campo de control de longitud fija | 030801m19671974sp ||||1| spa d |
| 245 00 - MENCIÓN DEL TÍTULO | |
| Título | Historia general de las civilizaciones / |
| Mención de responsabilidad, etc. | bajo la dirección de Maurice Crouzet ; prefacio a la edición española por Jaime Vicens Vives. |
| 250 ## - MENCION DE EDICION | |
| Mención de edición | 4ª ed. |
| 260 ## - PUBLICACIÓN, DISTRIBUCIÓN, ETC. | |
| Lugar de publicación, distribución, etc. | Barcelona : |
| Nombre del editor, distribuidor, etc. | Destino, |
| Fecha de publicación, distribución, etc. | 1967-1974. |
| 300 ## - DESCRIPCIÓN FÍSICA | |
| Extensión | 7 v. ; |
| Dimensiones | 24 cm. |
| 505 8# - NOTA DE CONTENIDO CON FORMATO | |
| Nota de contenido con formato | Contiene: I: Oriente y Grecia Antigua / por André Aymard y Jeannine Auboyer ; [introducción por Eduardo Ripoll Perelló] -- II: Roma y su Imperio / por André Aymard y Jeannine Auboyer ; [traducción de Eduardo Ripoll Perelló]. -- V. III: La Edad Media: la expansión del Oriente y el nacimiento de la civilización occidental / por Edouard Perroy ; [traducción de Eduardo Ripoll Perelló ; revisión y adaptación Manuel Riu]. -- V. IV: Los siglos XVI y XVII: el progreso de la civilización europea y la decadencia de Oriente (1492-1715) / por Roland Moussier ; [traducción Juan Reglá]. -- V. V: El siglo XVIII: revolución intelectual técnica y política (1715-1815) / por Roland Mousnier y Ernest Labrousse ; con la colaboración de Marc Bouloiseau ; [versión de David Romano ; revisión y adaptación de Juan Reglá]. -- V. VI: El siglo XIX: el apogeo de la expansión europea (1815-1914) / por Robert Schnerb ; [traducción Santiago Sobrequés Vidal]. -- V. VII: La época contemporánea: en busca de una nueva civilización / por Maurice Crouzet ; [versión y adaptación J. Mª Espinas] |
| 650 #4 - PUNTO DE ACCESO ADICIONAL DE MATERIA--TÉRMINO DE MATERIA | |
| Término de materia o nombre geográfico como elemento de entrada | Civilización- |
| Subdivisión general | Historia |
| 9 (RLIN) | 11082 |
| 700 1# - ENTRADA AGREGADA--NOMBRE PERSONAL | |
| Nombre de persona | Crouzet, Maurice. |
| 9 (RLIN) | 41736 |
| 700 1# - ENTRADA AGREGADA--NOMBRE PERSONAL | |
| Nombre de persona | Vicens Vives, Jaime, |
| Fechas asociadas al nombre | 1910-1960 |
| 9 (RLIN) | 114319 |
| 700 1# - ENTRADA AGREGADA--NOMBRE PERSONAL | |
| Nombre de persona | Aymard, André. |
| 9 (RLIN) | 24172 |
| 700 1# - ENTRADA AGREGADA--NOMBRE PERSONAL | |
| Nombre de persona | Auboyer, Jeanninne. |
| 9 (RLIN) | 23817 |
| 700 1# - ENTRADA AGREGADA--NOMBRE PERSONAL | |
| Nombre de persona | Ripoll Perelló, Eduardo, |
| Fechas asociadas al nombre | 1923-2006 |
| 9 (RLIN) | 97437 |
| 700 1# - ENTRADA AGREGADA--NOMBRE PERSONAL | |
| Nombre de persona | Mousnier, Roland. |
| 9 (RLIN) | 83916 |
| 700 1# - ENTRADA AGREGADA--NOMBRE PERSONAL | |
| Nombre de persona | Reglá, Juan, |
| Fechas asociadas al nombre | 1917-1973 |
| 9 (RLIN) | 95897 |
| 700 1# - ENTRADA AGREGADA--NOMBRE PERSONAL | |
| Nombre de persona | Labrousse, Ernest. |
| 9 (RLIN) | 69301 |
| 700 1# - ENTRADA AGREGADA--NOMBRE PERSONAL | |
| Nombre de persona | Bouloiseau, Marc. |
| 9 (RLIN) | 30927 |
| 700 1# - ENTRADA AGREGADA--NOMBRE PERSONAL | |
| Nombre de persona | Romano, David. |
| 9 (RLIN) | 99249 |
| 700 1# - ENTRADA AGREGADA--NOMBRE PERSONAL | |
| Nombre de persona | Schnerb, Robert. |
| 9 (RLIN) | 104589 |
| 700 1# - ENTRADA AGREGADA--NOMBRE PERSONAL | |
| Nombre de persona | Sobrequés i Vidal, Santiago. |
| 9 (RLIN) | 106999 |
| 700 1# - ENTRADA AGREGADA--NOMBRE PERSONAL | |
| Nombre de persona | Espinàs, Josep M., |
| Fechas asociadas al nombre | 1927- |
| 9 (RLIN) | 47850 |
| 852 ## - LOCALIZACIÓN | |
| Ubicación | ES-MaACL |
| Número de control de estantería | E-7017-23 |
| Estatus retirado | Estado de pérdida | Estado de daño | No para préstamo | Biblioteca de origen | Biblioteca actual | Ubicación en estantería | Fecha de adquisición | Fuente de adquisición | Total de préstamos | Signatura topográfica completa | Código de barras | Visto por última vez | Precio de reemplazo | Tipo de ítem Koha |
|---|---|---|---|---|---|---|---|---|---|---|---|---|---|---|
| Biblioteca del Ateneo de Madrid | Biblioteca del Ateneo de Madrid | Depósito 2 | 17/01/2008 | E-7017-23 | 1052901 | 23/02/2023 | 23/02/2023 | Libro impreso |
